| 000 | 00861nam a2200277Ia 4500 | ||
|---|---|---|---|
| 001 | Z_1519 | ||
| 003 | CHAP | ||
| 008 | 220113s1992 xx 000 0 und d | ||
| 010 | _a164607 | ||
| 040 | _cCHAP | ||
| 090 | _aTesis P 739 | ||
| 100 |
_aPérez Manzanares, Uriel _989824 |
||
| 245 |
_aLa ganadería bovina en el municipio de Macuspana, Tabasco : estudio a base de encuesta, 1980 / _cpor Uriel Pérez Manzanares |
||
| 260 |
_aChapingo, Méx. : _bEl Autor, _c1992 |
||
| 300 | _a92 h. | ||
| 502 | _aTesis (Ing. Agr. Esp. en Zootecnia) -- UACH. Departamento de Zootecnia | ||
| 650 |
_aGanado vacuno _xProducción _945506 |
||
| 650 |
_aGanado vacuno _xTabasco _9137805 |
||
| 650 |
_aGanado vacuno _xTrópicos I.t: Macuspana, Tabasco _9138668 |
||
| 901 | _aTESIS P 739 | ||
| 902 | _aM | ||
| 910 | _a1992 | ||
| 942 | _c2 | ||
| 942 | _c2 | ||
| 999 |
_c164607 _d164607 |
||